Welcome to CU Library Online Public Access Catalogue (OPAC)

Global management and organizational behavior : (Record no. 4731)

MARC details
000 -LEADER
fixed length control field 01138cam a22002894a 4500
001 - CONTROL NUMBER
control field 13207671
005 - DATE AND TIME OF LATEST TRANSACTION
control field 20250313092531.0
008 - FIXED-LENGTH DATA ELEMENTS--GENERAL INFORMATION
fixed length control field 030521s2004 nyua 001 0 eng
020 ## - INTERNATIONAL STANDARD BOOK NUMBER
International Standard Book Number 0072843063 (alk. paper)
050 00 - LIBRARY OF CONGRESS CALL NUMBER
Classification number HD62.4
Item number .K6575 2004
082 00 - DEWEY DECIMAL CLASSIFICATION NUMBER
Classification number 658/.049
Edition information 21
100 1# - MAIN ENTRY--PERSONAL NAME
Personal name Konopaske, Robert.
245 10 - TITLE STATEMENT
Title Global management and organizational behavior :
Remainder of title text, readings, cases, and exercises /
Statement of responsibility, etc. Robert Konopaske, John M. Ivancevich.
250 ## - EDITION STATEMENT
Edition statement 1st ed.
260 ## - PUBLICATION, DISTRIBUTION, ETC.
Place of publication, distribution, etc. Boston :
Name of publisher, distributor, etc. McGraw-Hill/Irwin,
Date of publication, distribution, etc. c2004.
300 ## - PHYSICAL DESCRIPTION
Extent xv, 436 p. :
Other physical details ill. ;
Dimensions 24 cm.
500 ## - GENERAL NOTE
General note Includes index.
650 #0 - SUBJECT ADDED ENTRY--TOPICAL TERM
Topical term or geographic name entry element International business enterprises
General subdivision Management.
650 #0 - SUBJECT ADDED ENTRY--TOPICAL TERM
Topical term or geographic name entry element Management.
650 #0 - SUBJECT ADDED ENTRY--TOPICAL TERM
Topical term or geographic name entry element Organizational change.
650 #0 - SUBJECT ADDED ENTRY--TOPICAL TERM
Topical term or geographic name entry element Strategic alliances (Business)
700 1# - ADDED ENTRY--PERSONAL NAME
Personal name Ivancevich, John M.
856 41 - ELECTRONIC LOCATION AND ACCESS
Materials specified Table of contents
Uniform Resource Identifier <a href="http://www.loc.gov/catdir/toc/mh041/2003054074.html">http://www.loc.gov/catdir/toc/mh041/2003054074.html</a>
856 42 - ELECTRONIC LOCATION AND ACCESS
Materials specified Publisher description
Uniform Resource Identifier <a href="http://www.loc.gov/catdir/description/mh041/2003054074.html">http://www.loc.gov/catdir/description/mh041/2003054074.html</a>
856 42 - ELECTRONIC LOCATION AND ACCESS
Materials specified Contributor biographical information
Uniform Resource Identifier <a href="http://www.loc.gov/catdir/enhancements/fy0737/2003054074-b.html">http://www.loc.gov/catdir/enhancements/fy0737/2003054074-b.html</a>
942 ## - ADDED ENTRY ELEMENTS (KOHA)
Source of classification or shelving scheme Library of Congress Classification
Koha item type Books
Suppress in OPAC No
999 ## -
-- 4731
-- 4731
Holdings
Withdrawn status Lost status Source of classification or shelving scheme Damaged status Not for loan Collection Home library Current library Shelving location Date acquired Total checkouts Full call number Barcode Date last seen Copy number Price effective from Koha item type
    Library of Congress Classification     Non-fiction Undergraduate Library (Christ Temple) Undergraduate Library (Christ Temple) General stacks 03/13/2025   HD62.4.K6575 KON ulct00001673 03/13/2025 1 03/13/2025 Books
© 2023-2024 Copyright: Central University Libraries. All Rights Reserved | Created by: Mahone Tech Office